Dictionnaire des proverbes sentences et maximes
Gorde:
| Egile nagusia: | |
|---|---|
| Formatua: | Liburua |
| Hizkuntza: | frantsesa |
| Argitaratua: |
París
Larousse
1960
|
| Gaiak: | |
| Etiketak: |
Etiketa erantsi
Etiketarik gabe, Izan zaitez lehena erregistro honi etiketa jartzen!
|
MARC
| LEADER | 00000nam a2200000 a 4500 | ||
|---|---|---|---|
| 001 | UCT3450 | ||
| 003 | CL-VaPUC | ||
| 008 | 961024e19600000FR |||||||||||||||||fre|d | ||
| 082 | 0 | 4 | |a 398.9 |b MAL |2 21 |
| 100 | |a Maloux, Maurice |e autor |9 372391 | ||
| 245 | 1 | 0 | |a Dictionnaire des proverbes sentences et maximes |
| 300 | |a 628 p | ||
| 942 | |c BK | ||
| 945 | |d 19961024 00:00:00 |a lriquelm | ||
| 260 | |a París |b Larousse |c 1960 | ||
| 650 | 0 | |a Proverbios |9 269154 | |
| 650 | 0 | |a Formas y géneros literarios |9 324031 | |
| 650 | 0 | |a Diccionarios |9 256200 | |
| 650 | 7 | |a FRANCES |2 CL-VaPUC |9 259059 | |
| 583 | |a last modification |c 19961024 00:00:00 |k Rodrigo Vera | ||
| 999 | |c 253100 |d 253098 | ||